00209nam a2200073Ia 4500008004100000082000800041100001800049245006800067240331s9999 xx 000 0 und d bDES aDe Silva, K.M 0aRegional powers and small state security :bIndia and Sri Lanka